[Event "Vojens Sonderjysk B"]
[Site "Vojens"]
[Date "2011.06.09"]
[Round "7"]
[White "Johnk, Gert C"]
[Black "Feldborg, Henrik"]
[Result "0-1"]
[WhiteElo "1807"]
[BlackElo "1652"]
[PlyCount "60"]
[EventDate "2011.05.02"]
[EventType "tourn"]
[EventRounds "7"]
[EventCountry "DEN"]
[SourceTitle "EXT 2023"]
[Source "ChessBase"]
[SourceDate "2022.10.05"]
[SourceVersion "1"]
[SourceVersionDate "2022.10.05"]
[SourceQuality "1"]

1. e4 d5 2. exd5 Nf6 3. d4 Nxd5 4. c4 Nb6 5. Nf3 Bf5 6. Nc3 e6 7. Bd3 Bg4 8. Be3 Nc6 9. Be4 Qd7 10. d5 exd5 11. cxd5 Na5 12. Ne5 Bxd1 13. Nxd7 Nxd7 14. Rxd1 Nc4 15. Bc1 Bc5 16. 0-0 0-0 17. Nb5 Nf6 18. Bd3 Nb6 19. Nxc7 Rad8 20. Nb5 Nbxd5 21. Bc4 a6 22. Nd4 Nb6 23. Nb3 Bxf2+ 24. Kxf2 Nxc4 25. Nc5 Ng4+ 26. Kg3 Nge3 27. Bxe3 Nxe3 28. Rxd8 Nxf1+ 29. Kf2 Rxd8 30. Kxf1 Rd2 0-1